Burnt Mountain / Anne Rivers Siddons.
Available copies
- 1 of 3 copies available at LARL/NWRL Consortium. (Show)
- 0 of 2 copies available at Northwest Regional Library.
Current holds
0 current holds with 3 total copies.
Show Only Available Copies
| Location | Call Number / Copy Notes | Barcode | Shelving Location | Status | Due Date |
|---|---|---|---|---|---|
| Red Lake Falls Public Library | pb SID (Text) | 35500005159015 | Main | Checked out | 07/16/2026 |
| Roseau Public Library | SID (Text) | 35500004936868 | Main | Checked out | 07/20/2026 |
Record details
- ISBN: 9780446527897 (hbk.) :
- ISBN: 0446527890 (hbk.) :
- ISBN: 9780446618229 (pbk.)
- ISBN: 0446618225 (pbk.)
- Physical Description: 325 p. ; 24 cm.
- Edition: 1st ed.
- Publisher: New York : Grand Central Pub., 2011.
Content descriptions
| Summary, etc.: | Growing up, the only place tomboy Thayer Wentworth ... Read More |
Search for related items by subject
| Subject: | Camps > Fiction. Marriage > Fiction. Betrayal > Fiction. Family secrets > Fiction. Georgia > Fiction. North Carolina > Fiction. |
| Genre: | Domestic fiction. |
| LDR | 02856cam a2200481 a 4500 | ||
|---|---|---|---|
| 001 | 128408 | ||
| 003 | LARL_NWRL_CONSORTIUM | ||
| 005 | 20210414203311.0 | ||
| 008 | 110111s2011 nyu 000 1 eng | ||
| 010 | . | ‡a2011000854 | |
| 019 | . | ‡a464589716 | |
| 020 | . | ‡a9780446527897 (hbk.) : ‡c$25.99 | |
| 020 | . | ‡a0446527890 (hbk.) : ‡c$25.99 | |
| 020 | . | ‡a9780446618229 (pbk.) | |
| 020 | . | ‡a0446618225 (pbk.) | |
| 035 | . | ‡a(OCoLC)658169768 ‡z(OCoLC)464589716 | |
| 037 | . | ‡bGrand Central Pub, C/O Little Brown & Co Order Dept Three Center Plaza, Boston, MA, USA, 02108-2003 ‡nSAN 200-2205 | |
| 040 | . | ‡aDLC ‡cDLC ‡dIG# ‡dBTCTA ‡dM$K ‡dUPZ ‡dTXBXL ‡dYDXCP ‡dIUK ‡dYW6 | |
| 043 | . | ‡an-us-ga ‡an-us-nc | |
| 082 | 0 | 0. | ‡a813/.54 ‡222 |
| 100 | 1 | . | ‡aSiddons, Anne Rivers. ‡0(LARL_NWRL_CONSORTIUM)48384 |
| 245 | 1 | 0. | ‡aBurnt Mountain / ‡cAnne Rivers Siddons. |
| 250 | . | ‡a1st ed. | |
| 260 | . | ‡aNew York : ‡bGrand Central Pub., ‡c2011. | |
| 300 | . | ‡a325 p. ; ‡c24 cm. | |
| 520 | . | ‡aGrowing up, the only place tomboy Thayer Wentworth felt at home was at her summer camp - Camp Sherwood Forest in the North Carolina Mountains. It was there that she came alive and where she met Nick Abrams, her first love...and first heartbreak. Years later, Thayer marries Aengus, an Irish professor, and they move into her deceased grandmother's house in Atlanta, only miles from Camp Edgewood on Burnt Mountain where her father died years ago in a car accident. There, Aengus and Thayer lead quiet and happy lives until Aengus is invited up to the camp to tell old Irish tales to the campers. As Aengus spends less time at home and becomes more distant, Thayer must confront dark secrets-about her mother, her first love, and, most devastating of all, her husband. | |
| 650 | 0. | ‡aCamps ‡vFiction. ‡0(LARL_NWRL_CONSORTIUM)164214 | |
| 650 | 0. | ‡aMarriage ‡vFiction. ‡0(LARL_NWRL_CONSORTIUM)166003 | |
| 650 | 0. | ‡aBetrayal ‡vFiction. ‡0(LARL_NWRL_CONSORTIUM)163690 | |
| 650 | 0. | ‡aFamily secrets ‡vFiction. ‡0(LARL_NWRL_CONSORTIUM)164948 | |
| 651 | 0. | ‡aGeorgia ‡vFiction. ‡0(LARL_NWRL_CONSORTIUM)165404 | |
| 651 | 0. | ‡aNorth Carolina ‡vFiction. ‡0(LARL_NWRL_CONSORTIUM)166409 | |
| 655 | 0. | ‡aDomestic fiction. | |
| 901 | . | ‡a128408 ‡bOCLC ‡c128408 ‡tbiblio | |

Add to basket
Permalink
Enable Highlighting